000 00356 a2200169 4500
001 183407
020 _a978-85-16-05092-4
040 _cMagnum
100 _aBandeira, Pedro
240 1 0 _aO pequeno monstro
_lpor
245 1 0 _aO pequeno monstro
300 _a48
362 0 _a2009
440 1 _aModerna
697 _aLITERATURA INFANTO
942 _cBK
999 _c183407
_d183407